<?xml version="1.0" encoding="UTF-8"?>
<record
    xmlns:xsi="http://www.w3.org/2001/XMLSchema-instance"
    xsi:schemaLocation="http://www.loc.gov/MARC21/slim http://www.loc.gov/standards/marcxml/schema/MARC21slim.xsd"
    xmlns="http://www.loc.gov/MARC21/slim">

  <leader>03443nam a2200397 i 4500</leader>
  <controlfield tag="003">DO-SdBNP</controlfield>
  <controlfield tag="005">20250925101039.0</controlfield>
  <controlfield tag="007">ta</controlfield>
  <controlfield tag="008">210715e2018    dr ac||gr|||| 001 0dspa d</controlfield>
  <datafield tag="020" ind1=" " ind2=" ">
    <subfield code="a">9781977986863</subfield>
  </datafield>
  <datafield tag="040" ind1=" " ind2=" ">
    <subfield code="a">DO-SdBNP</subfield>
    <subfield code="b">spa</subfield>
    <subfield code="c">BNPHU</subfield>
    <subfield code="e">rda</subfield>
  </datafield>
  <datafield tag="041" ind1=" " ind2=" ">
    <subfield code="a">spa</subfield>
  </datafield>
  <datafield tag="082" ind1=" " ind2="4">
    <subfield code="a">923.57293</subfield>
    <subfield code="b">L965Z</subfield>
    <subfield code="2">22</subfield>
  </datafield>
  <datafield tag="100" ind1="1" ind2=" ">
    <subfield code="a">Zorrilla Ozuna, Jorge Radham&#xE9;s,</subfield>
    <subfield code="e">autor</subfield>
    <subfield code="d">1953-</subfield>
    <subfield code="4">aut.</subfield>
    <subfield code="9">75654</subfield>
  </datafield>
  <datafield tag="245" ind1="1" ind2="0">
    <subfield code="a">Gregorio Luper&#xF3;n, padre de la segunda rep&#xFA;blica /</subfield>
    <subfield code="c">Jorge Radham&#xE9;s Zorrilla Ozuna ; dise&#xF1;o y diagramaci&#xF3;n Ilich Padilla ; cuidado de edici&#xF3;n Andr&#xE9;s Blanco D&#xED;az ; pr&#xF3;logo, Efra&#xED;m Castillo.</subfield>
  </datafield>
  <datafield tag="250" ind1=" " ind2=" ">
    <subfield code="a">Primera edici&#xF3;n </subfield>
  </datafield>
  <datafield tag="264" ind1=" " ind2="1">
    <subfield code="a">Santo Domingo, Rep&#xFA;blica Dominicana :</subfield>
    <subfield code="b">Editorial Argos, </subfield>
    <subfield code="c">2018.</subfield>
  </datafield>
  <datafield tag="300" ind1=" " ind2=" ">
    <subfield code="a">347 p&#xE1;ginas :</subfield>
    <subfield code="b">ilustraciones, retratos ;</subfield>
    <subfield code="c">23 cm</subfield>
  </datafield>
  <datafield tag="336" ind1=" " ind2=" ">
    <subfield code="a">texto</subfield>
    <subfield code="b">txt</subfield>
    <subfield code="2">rdacontent</subfield>
  </datafield>
  <datafield tag="337" ind1=" " ind2=" ">
    <subfield code="a">sin mediaci&#xF3;n</subfield>
    <subfield code="b">n</subfield>
    <subfield code="2">rdamedia</subfield>
  </datafield>
  <datafield tag="338" ind1=" " ind2=" ">
    <subfield code="a">volumen</subfield>
    <subfield code="b">nc</subfield>
    <subfield code="2">rdacarrier</subfield>
  </datafield>
  <datafield tag="500" ind1=" " ind2=" ">
    <subfield code="a">Incluye datos biogr&#xE1;ficos del autor en la solapa de la cubierta.</subfield>
  </datafield>
  <datafield tag="500" ind1=" " ind2=" ">
    <subfield code="a">Incluye himno a Luper&#xF3;n.</subfield>
  </datafield>
  <datafield tag="500" ind1=" " ind2=" ">
    <subfield code="a">Incluye &#xED;ndice onom&#xE1;stico, p. 333- 346</subfield>
  </datafield>
  <datafield tag="500" ind1=" " ind2=" ">
    <subfield code="a">Incluye referencias bibliogr&#xE1;ficas y notas al pie de las p&#xE1;ginas</subfield>
  </datafield>
  <datafield tag="504" ind1=" " ind2=" ">
    <subfield code="a">Bibliograf&#xED;a: p. 327-332</subfield>
  </datafield>
  <datafield tag="505" ind1=" " ind2=" ">
    <subfield code="a">Agradecimientos, 9 -- Pr&#xF3;logo, 11 -- Presentaci&#xF3;n, 15 -- Marco hist&#xF3;rico, 23 -- Duarte, creador de nuestra nacionalidad, 29 -- Luper&#xF3;n, fiel continuador de los ideales duartianos, 43 -- Luper&#xF3;n, primeros a&#xF1;os, 53 -- Proceso hacia la Anexi&#xF3;n, 57 -- Dos acciones dignas de un hombre cabal, 65 -- Frente a la Anexi&#xF3;n, 69 -- La preparaci&#xF3;n de la guerra en Sabaneta, 73 -- Luper&#xF3;n y la Guerra Restauradora, 75 -- Batalla de Santiago, 77 -- Elecci&#xF3;n del gobierno provisional, 87 -- Segunda Campa&#xF1;a del Este, 105 -- Luper&#xF3;n despu&#xE9;s del triunfo restaurador, 131 -- Luper&#xF3;n y el gobierno de Cabral 147 -- Gobierno de los seis a&#xF1;os, 157 -- La Guerra de los seis a&#xF1;os, 169 -- Ataque del gobierno de Gonz&#xE1;lez a Luper&#xF3;n, y reacci&#xF3;n social, l91 -- Luper&#xF3;n y el Gobierno del rep&#xFA;blico Espaillat, 195 -- Per&#xED;odo de inestabilidad 1876-1879, 203 -- Luper&#xF3;n contra Ces&#xE1;reo Guillermo, 211 -- Inicios del Gobierno de los Diez Meses de Luper&#xF3;n, 215 -- Primeras medidas del gobierno de Luper&#xF3;n, 221 -- Luper&#xF3;n publicita el hallazgo de los restos de Colon, 225 -- Diferendo del gobierno de Luper&#xF3;n con Hait&#xED;, 229 -- Luper&#xF3;n y el derecho de asilo, 233 -- El caso de los hermanos Maceo, 237 -- Maceo, La Generala y Luper&#xF3;n. Atentado fallido, 241 -- Se agravan las diferencias con Espa&#xF1;a, 247 -- Otros asertos del gobierno provisional de Luper&#xF3;n, 251 -- Rendici&#xF3;n de cuentas, 255 -- Convenci&#xF3;n Nacional, 261 -- La visi&#xF3;n patri&#xF3;tica, antillana y antimperialista de Luper&#xF3;n, 265 -- Gobierno del padre Merino, 275 -- Ulises Heureaux presidente, 281 -- Gobierno de Francisco Gregorio Billini, 285 -- Segundo gobierno de Ulises Heureaux, 295 -- Empr&#xE9;stito Westendorp, 299 -- La traici&#xF3;n final, 303 -- Ap&#xE9;ndice, 317 -- Bibliograf&#xED;a, 327 -- &#xCD;ndice onom&#xE1;stico, 333 -- Himno a Luper&#xF3;n, 343 Colof&#xF3;n 349.</subfield>
  </datafield>
  <datafield tag="590" ind1=" " ind2=" ">
    <subfield code="a">Inventriado 2021 / MF</subfield>
  </datafield>
  <datafield tag="600" ind1="1" ind2=" ">
    <subfield code="a">Luper&#xF3;n, Gregorio,</subfield>
    <subfield code="d">1839-1897</subfield>
    <subfield code="9">888</subfield>
  </datafield>
  <datafield tag="651" ind1=" " ind2="0">
    <subfield code="a">Rep&#xFA;blica Dominicana</subfield>
    <subfield code="x">Historia</subfield>
    <subfield code="y">Historia</subfield>
    <subfield code="9">78065</subfield>
  </datafield>
  <datafield tag="700" ind1="1" ind2=" ">
    <subfield code="a">Castillo, Efra&#xED;m,</subfield>
    <subfield code="d">1940-</subfield>
    <subfield code="e">prologuista</subfield>
    <subfield code="9">28022</subfield>
    <subfield code="4">pr.</subfield>
  </datafield>
  <datafield tag="700" ind1="1" ind2=" ">
    <subfield code="a">Padilla, Ilich</subfield>
    <subfield code="e">diagramador</subfield>
    <subfield code="4">di.</subfield>
    <subfield code="9">88182</subfield>
  </datafield>
  <datafield tag="700" ind1="1" ind2=" ">
    <subfield code="a">Blanco D&#xED;az, Andr&#xE9;s</subfield>
    <subfield code="4">ed.</subfield>
    <subfield code="e">editor</subfield>
    <subfield code="9">172</subfield>
  </datafield>
  <datafield tag="910" ind1=" " ind2=" ">
    <subfield code="a">MFeliz. Validado. Control de calidad</subfield>
  </datafield>
  <datafield tag="942" ind1=" " ind2=" ">
    <subfield code="2">ddc</subfield>
    <subfield code="c">LBS1</subfield>
  </datafield>
  <datafield tag="952" ind1=" " ind2=" ">
    <subfield code="0">0</subfield>
    <subfield code="1">0</subfield>
    <subfield code="2">ddc</subfield>
    <subfield code="5">1</subfield>
    <subfield code="7">0</subfield>
    <subfield code="8">PD</subfield>
    <subfield code="a">BNPHU</subfield>
    <subfield code="b">BNPHU</subfield>
    <subfield code="c">HD</subfield>
    <subfield code="d">2018-09-12</subfield>
    <subfield code="e">Dep&#xF3;sito legal / Editora B&#xFA;ho</subfield>
    <subfield code="l">0</subfield>
    <subfield code="o">BNPHU PD 923.57293 L965Z</subfield>
    <subfield code="p">2021-25180</subfield>
    <subfield code="r">2021-07-16</subfield>
    <subfield code="w">2021-07-16</subfield>
    <subfield code="y">LBS1</subfield>
  </datafield>
  <datafield tag="952" ind1=" " ind2=" ">
    <subfield code="0">0</subfield>
    <subfield code="1">0</subfield>
    <subfield code="2">ddc</subfield>
    <subfield code="5">1</subfield>
    <subfield code="7">0</subfield>
    <subfield code="8">PD</subfield>
    <subfield code="a">BNPHU</subfield>
    <subfield code="b">BNPHU</subfield>
    <subfield code="c">HD</subfield>
    <subfield code="d">2018-09-12</subfield>
    <subfield code="e">Dep&#xF3;sito legal / Editora B&#xFA;ho</subfield>
    <subfield code="l">0</subfield>
    <subfield code="o">BNPH PD xxx L965Z</subfield>
    <subfield code="p">2021-25181</subfield>
    <subfield code="r">2021-07-16</subfield>
    <subfield code="t">e.2</subfield>
    <subfield code="w">2021-07-16</subfield>
    <subfield code="y">LBS1</subfield>
  </datafield>
  <datafield tag="952" ind1=" " ind2=" ">
    <subfield code="0">0</subfield>
    <subfield code="1">0</subfield>
    <subfield code="2">ddc</subfield>
    <subfield code="5">6</subfield>
    <subfield code="7">0</subfield>
    <subfield code="8">DS</subfield>
    <subfield code="a">BNPHU</subfield>
    <subfield code="b">BNPHU</subfield>
    <subfield code="c">CT</subfield>
    <subfield code="d">2025-03-20</subfield>
    <subfield code="e">Dep&#xF3;sito Legal</subfield>
    <subfield code="l">0</subfield>
    <subfield code="o">BNPHU DS xxx L965Z</subfield>
    <subfield code="p">2025-3313</subfield>
    <subfield code="r">2025-04-10</subfield>
    <subfield code="t">a.3</subfield>
    <subfield code="w">2025-04-10</subfield>
    <subfield code="y">LBS1</subfield>
  </datafield>
  <datafield tag="952" ind1=" " ind2=" ">
    <subfield code="0">0</subfield>
    <subfield code="1">0</subfield>
    <subfield code="2">ddc</subfield>
    <subfield code="5">6</subfield>
    <subfield code="7">0</subfield>
    <subfield code="8">DS</subfield>
    <subfield code="a">BNPHU</subfield>
    <subfield code="b">BNPHU</subfield>
    <subfield code="c">CT</subfield>
    <subfield code="d">2025-03-20</subfield>
    <subfield code="e">Donaci&#xF3;n</subfield>
    <subfield code="l">0</subfield>
    <subfield code="o">BNPHU DS xxx L965Z</subfield>
    <subfield code="p">2025-3314</subfield>
    <subfield code="r">2025-04-10</subfield>
    <subfield code="t">a.4</subfield>
    <subfield code="w">2025-04-10</subfield>
    <subfield code="y">LBS1</subfield>
  </datafield>
  <datafield tag="952" ind1=" " ind2=" ">
    <subfield code="0">0</subfield>
    <subfield code="1">0</subfield>
    <subfield code="2">ddc</subfield>
    <subfield code="5">6</subfield>
    <subfield code="7">0</subfield>
    <subfield code="8">DS</subfield>
    <subfield code="a">BNPHU</subfield>
    <subfield code="b">BNPHU</subfield>
    <subfield code="c">CT</subfield>
    <subfield code="d">2025-03-20</subfield>
    <subfield code="e">Donaci&#xF3;n</subfield>
    <subfield code="l">0</subfield>
    <subfield code="o">BNPHU DS xxx L965Z</subfield>
    <subfield code="p">2025-3315</subfield>
    <subfield code="r">2025-04-10</subfield>
    <subfield code="t">a.5</subfield>
    <subfield code="w">2025-04-10</subfield>
    <subfield code="y">LBS1</subfield>
  </datafield>
  <datafield tag="999" ind1=" " ind2=" ">
    <subfield code="c">50123</subfield>
    <subfield code="d">50123</subfield>
  </datafield>
</record>
